Normal view
MARC view
Entry Personal Name
001 - CONTROL NUMBER
- control field: 10454
003 - CONTROL NUMBER IDENTIFIER
- control field: BD-DhEWU
005 - DATE AND TIME OF LATEST TRANSACTION
- control field: 20140529121536.0
008 - FIXED-LENGTH DATA ELEMENTS
- fixed length control field: 140529|| aca||aabn | a|a d
040 ## - CATALOGING SOURCE
- Original cataloging agency: BD-DhEWU
- Transcribing agency: BD-DhEWU
100 ## - HEADING--PERSONAL NAME
- Personal name: Short, Daniel G.
670 ## - SOURCE DATA FOUND
- Source citation: Work cat.: (BD-DhEWU)5529: Libby, Robert. 10449, Financial accounting /, [2007]